000 00492ngm a22002050a 4500
001 PT39876
003 AR-LpoUNG
005 20210201235843.0
007 vd cvaizq
008 191001s2009||||ag |||||||||||||||||spa d
037 _c$1.12
040 _aAR-LpoUNG
_bspa
_cAR-LpoUNG
_eaacr
041 _aspa
044 _aag
100 1 _aTello, Guillermo
_edir.
245 1 0 _a¿Cómo se baila el tango?
260 _aBuenos Aires :
_bMiradas al sur,
_c2009.
905 _a39876
942 _cDVD
999 _c53610
_d53610